Statistics for Top 10 Countries with the Highest Life Expectancy in Europe

Click here to take the quiz!

General Stats

  • This quiz has been taken 2,098 times
  • The average score is 9 of 10

Answer Stats

YearsCountry% Correct
82.10Sweden
93%
82.60Switzerland
89%
89.50Monaco
88%
82.20Italy
86%
81.90Liechtenstein
86%
82.30Luxembourg
86%
83.30San Marino
85%
81.80France
84%
82.80Andorra
82%
83.00Iceland
81%

Score Distribution

Percentile by Number Answered

Percent of People with Each Score

Your Score History

You have not taken this quiz